[Event "36th Reykjavik op"]
[Site "Reykjavik ISL"]
[Date "2023.03.31"]
[Round "4.138"]
[White "Alashtar, Aasef"]
[Black "Chamadia, Avaan"]
[WhiteElo "2007"]
[BlackElo "1563"]
[Result "0-1"]
[EventDate "2023.03.29"]
[PlyCount "128"]

1. b3 e5 2. Bb2 Nc6 3. c4 g6 4. e3 Bg7 5. Nf3 Nge7 6. d4 exd4 7. Nxd4 Nxd4 8. Bxd4
Bxd4 9. Qxd4 O-O 10. Nc3 b6 11. h4 Nf5 12. Qf4 Bb7 13. e4 Re8 14. Be2 Nd4 15. Rd1
Nxe2 16. Kxe2 Bxe4 17. Nxe4 f5 18. f3 fxe4 19. fxe4 Qe7 20. Ke3 Qc5+ 21. Ke2 Rf8
22. Qe3 Qh5+ 23. Kd3 Rf6 24. Kc2 Qg4 25. Rd2 Re8 26. Re1 Rfe6 27. Qf3 Qxf3 28. gxf3
d6 29. Rf2 Rf6 30. f4 Re5 31. Kd3 Rh5 32. Rh1 g5 33. Rg1 Rxh4 34. Rxg5+ Kf8 35. f5
Rh3+ 36. Ke2 Rfh6 37. Rgg2 Kf7 38. Rg4 Kf6 39. Rg8 R6h4 40. Re8 Kf7 41. Rc8 Rxe4+
42. Kf1 Re7 43. Kg2 Rh6 44. Kg3 Rf6 45. Kf4 Rh6 46. Rg2 Rh1 47. Kg5 h6+ 48. Kg4 Kf6
49. Rf8+ Rf7 50. Rg8 h5+ 51. Kg3 Rf1 52. Rf2 Rg1+ 53. Rg2 Rxg2+ 54. Kxg2 Rg7+ 55.
Rxg7 Kxg7 56. Kg3 Kf6 57. Kh4 Kxf5 58. Kxh5 c6 59. Kh4 d5 60. cxd5 cxd5 61. Kg3 Ke4
62. Kf2 Kd3 63. Ke1 Kc2 64. Ke2 d4  0-1

[Event "36th Reykjavik op"]
[Site "Reykjavik ISL"]
[Date "2023.03.31"]
[Round "4.139"]
[White "Lopez Garcia, Carlos"]
[Black "Mensing, Adrian"]
[WhiteElo "1616"]
[BlackElo "2005"]
[Result "0-1"]
[EventDate "2023.03.29"]
[PlyCount "72"]

1. e4 c5 2. Nc3 d6 3. f4 g6 4. Nf3 Bg7 5. Bc4 Nc6 6. O-O e6 7. d3 Nge7 8. Qe1 O-O
9. f5 gxf5 10. Qg3 fxe4 11. dxe4 Ng6 12. Be3 Nce5 13. Nxe5 Bxe5 14. Qf2 a6 15. a4
Bd7 16. a5 Bc6 17. Rfd1 Qe7 18. Kh1 Rad8 19. Rd2 Bg7 20. Bb3 Ne5 21. h3 c4 22. Ba2
f5 23. Qe1 f4 24. Bd4 Nd3 25. Qg1 Ne5 26. Rf1 Qg5 27. Bxe5 Bxe5 28. Bxc4 Rf6 29.
Rf3 Kh8 30. Qe1 Rg8 31. b4 Be8 32. Na2 Bd4 33. Bf1 Be3 34. Rxd6 Bh5 35. g4 Bxg4 36.
h4 Bxf3+  0-1

[Event "36th Reykjavik op"]
[Site "Reykjavik ISL"]
[Date "2023.03.31"]
[Round "4.140"]
[White "Mehlhorn, David"]
[Black "Briem, Gudrun Fanney"]
[WhiteElo "2004"]
[BlackElo "1503"]
[Result "1-0"]
[EventDate "2023.03.29"]
[PlyCount "117"]

1. e4 c6 2. Nc3 d5 3. Nf3 dxe4 4. Nxe4 Nf6 5. Qe2 Nxe4 6. Qxe4 Qd5 7. Qh4 Bf5 8.
Bc4 Qc5 9. d3 e6 10. O-O Be7 11. Qg3 O-O 12. Be3 Qd6 13. Bf4 Qd8 14. Bc7 Qc8 15.
Be5 Bg6 16. Nh4 Bxh4 17. Qxh4 Nd7 18. Bc3 Nb6 19. Qd4 f6 20. Rad1 Nxc4 21. Qxc4 Bf7
22. Qg4 e5 23. Qg3 Bg6 24. h4 Qd7 25. f4 exf4 26. Rxf4 Qd6 27. Qf2 Rae8 28. Rf1 b6
29. g4 h5 30. Qg2 Kh7 31. R1f2 Rf7 32. g5 f5 33. Rd4 Qe6 34. Qg3 Rd7 35. Rff4 Ree7
36. a3 Qe2 37. Rxd7 Rxd7 38. Qf2 Qe6 39. Rd4 Rxd4 40. Qxd4 Qe7 41. Kf2 c5 42. Qe5
Qb7 43. b4 cxb4 44. axb4 Qd7 45. Bd4 Be8 46. c4 a5 47. bxa5 bxa5 48. Ba1 a4 49. d4
f4 50. d5 f3 51. c5 Qa7 52. Kxf3 Qb7 53. Qxe8 Qb3+ 54. Kf4 Qxd5 55. Qxh5+ Kg8 56.
Qe8+ Kh7 57. Qe4+ g6 58. Qxd5 a3 59. Qf7#  1-0

[Event "36th Reykjavik op"]
[Site "Reykjavik ISL"]
[Date "2023.03.31"]
[Round "4.141"]
[White "Haberecht, Paul"]
[Black "Striskova, Lucia"]
[WhiteElo "1412"]
[BlackElo "2002"]
[Result "0-1"]
[EventDate "2023.03.29"]
[PlyCount "98"]

1. d4 f5 2. c4 Nf6 3. Nc3 d6 4. h4 e6 5. Nf3 Be7 6. Bg5 h6 7. Bxf6 Bxf6 8. e4 fxe4
9. Nxe4 O-O 10. g4 d5 11. Ng3 e5 12. dxe5 Bxg4 13. Be2 c6 14. exf6 Qxf6 15. cxd5
Bxf3 16. Bxf3 Qxf3 17. Qxf3 Rxf3 18. Rd1 cxd5 19. Rxd5 Nc6 20. O-O Raf8 21. Rd7 R8f7
22. Rxf7 Kxf7 23. Rd1 Kf8 24. Rd7 Rf7 25. Rd2 Ne5 26. Rd8+ Ke7 27. Rb8 Kd6 28. Kg2
Kc7 29. Re8 Nd3 30. Ne4 Nxb2 31. Kg3 Nc4 32. Re6 Nb6 33. Nc5 Nd7 34. Ne4 b6 35. Kg4
Nc5 36. Nxc5 bxc5 37. f4 Kb7 38. f5 c4 39. Re3 Rc7 40. Rc3 Kb6 41. Kf4 Kc5 42. Ke4
Re7+ 43. Kf3 Kd4 44. Rc1 c3 45. Rd1+ Kc4 46. Rd8 c2 47. Rc8+ Kd3 48. Rd8+ Kc3 49.
Rc8+ Kb2  0-1

[Event "36th Reykjavik op"]
[Site "Reykjavik ISL"]
[Date "2023.03.31"]
[Round "4.142"]
[White "Langlois-Remillard, Alexis"]
[Black "DebMisra, Ariv"]
[WhiteElo "2001"]
[BlackElo "1457"]
[Result "1-0"]
[EventDate "2023.03.29"]
[PlyCount "119"]

1. Nf3 d5 2. c4 e6 3. b3 c5 4. cxd5 exd5 5. d4 Nf6 6. Bb2 Nc6 7. e3 cxd4 8. Nxd4
Bb4+ 9. Bc3 Qa5 10. Qd2 Nxd4 11. Qxd4 Bxc3+ 12. Qxc3 Qb6 13. Nd2 O-O 14. Bd3 Be6
15. O-O Rfd8 16. Nf3 Rac8 17. Qe5 Bg4 18. Nd4 Qc7 19. Qg5 h6 20. Qh4 Qe5 21. h3 Bd7
22. Nf3 Qh5 23. Qxh5 Nxh5 24. Rac1 Rxc1 25. Rxc1 Rc8 26. Rd1 Nf6 27. Kf1 Kf8 28.
Ke1 Ke7 29. Nd4 Ne4 30. f3 Nc5 31. Bf5 Ne6 32. Ne2 g6 33. Bb1 Bc6 34. b4 b6 35. Kf2
Rd8 36. Nd4 Nxd4 37. Rxd4 Rd6 38. Bc2 Bb7 39. Bb3 Ba8 40. Rd2 b5 41. Ke2 Kf6 42.
Kd3 a6 43. Kd4 Bb7 44. Rc2 Bc6 45. Rc5 Kg5 46. g3 Bd7 47. h4+ Kf6 48. Rxd5 Rxd5+
49. Bxd5 g5 50. hxg5+ hxg5 51. Bb7 Ke6 52. Bxa6 Kd6 53. Bb7 f5 54. f4 gxf4 55. gxf4
Be6 56. a3 Bb3 57. Bf3 Bc2 58. Be2 Ba4 59. Bd3 Ke6 60. Kc5  1-0

[Event "36th Reykjavik op"]
[Site "Reykjavik ISL"]
[Date "2023.03.31"]
[Round "4.143"]
[White "George Samir, David"]
[Black "Seshadri, Sridhar"]
[WhiteElo "1993"]
[BlackElo "1445"]
[Result "1-0"]
[EventDate "2023.03.29"]
[PlyCount "107"]

1. e4 c5 2. Nf3 Nf6 3. e5 Nd5 4. Nc3 Nxc3 5. bxc3 e6 6. d4 cxd4 7. cxd4 d5 8. Bd2
Be7 9. Bd3 h5 10. h4 Nc6 11. c3 b6 12. Ng5 g6 13. Qf3 Bxg5 14. Bxg5 Qc7 15. O-O Bb7
16. Rac1 Na5 17. Qf6 Rg8 18. Bb5+ Bc6 19. c4 Bxb5 20. cxb5 Qd7 21. Rc3 Nc4 22. Rfc1
Rc8 23. a4 Rc7 24. Qf4 Qc8 25. Bf6 Kd7 26. Bg5 Qe8 27. Qf3 Kc8 28. a5 bxa5 29. Rb1
Qd7 30. Qd3 Kb7 31. Rcb3 Nb6 32. Bd2 a4 33. Ra3 Rc4 34. Bb4 Qxb5 35. Bc5 Qa6 36.
Qf3 Ka8 37. Qxf7 Qc8 38. Rxb6 axb6 39. Bxb6 Qb8 40. Qxe6 Rgc8 41. Qxd5+ Qb7 42. Qa5+
Kb8 43. e6 Rc1+ 44. Kh2 Qe7 45. g3 Qb7 46. Qe5+ R1c7 47. Bxc7+ Qxc7 48. Qxc7+ Kxc7
49. Rxa4 Kd6 50. Ra6+ Ke7 51. d5 Rc5 52. Ra7+ Kf6 53. Rf7+ Ke5 54. e7  1-0

[Event "36th Reykjavik op"]
[Site "Reykjavik ISL"]
[Date "2023.03.31"]
[Round "4.144"]
[White "Eythorsson, Engilbert Vidar"]
[Black "Hausken, Andreas Skrede"]
[WhiteElo "1442"]
[BlackElo "1987"]
[Result "1-0"]
[EventDate "2023.03.29"]
[PlyCount "103"]

1. d4 Nf6 2. c4 e6 3. Nc3 Bb4 4. Bg5 c5 5. d5 h6 6. Bf4 d6 7. Rc1 e5 8. Bg3 Ne4 9.
Qc2 Bf5 10. Qb3 a5 11. Qa4+ Bd7 12. Qc2 Bf5 13. Qa4+ Qd7 14. Qxd7+ Nxd7 15. f3 Nxc3
16. bxc3 Ba3 17. Rd1 Bc2 18. Rd2 Ba4 19. e4 Ra6 20. Bd3 Rb6 21. Ne2 Ke7 22. Kf2 g5
23. h4 Rg8 24. hxg5 hxg5 25. Rh6 Kf8 26. Rh1 Kg7 27. Rh5 f6 28. Rh1 Rh8 29. Bh2 Ra8
30. g4 Raa6 31. Ng3 Kf7 32. Nf5 Ke8 33. Bg3 Kd8 34. Rh8+ Kc7 35. Ne7 Nb8 36. Rf8
Rb2 37. Rxb2 Bxb2 38. Rxf6 Bxc3 39. Nf5 Rb6 40. Rg6 Bd1 41. Rxg5 Rb2+ 42. Kf1 Bxf3
43. Rg7+ Nd7 44. Bh4 Rxa2 45. Be7 a4 46. Bxd6+ Kb6 47. Rxd7 a3 48. Bc7+ Ka7 49. Nd6
Rb2 50. Nb5+ Rxb5 51. cxb5 b6 52. Bxe5+  1-0

[Event "36th Reykjavik op"]
[Site "Reykjavik ISL"]
[Date "2023.03.31"]
[Round "4.145"]
[White "Abmayr, Annika"]
[Black "Kukavica, Tony"]
[WhiteElo "1054"]
[BlackElo "1981"]
[Result "0-1"]
[EventDate "2023.03.29"]
[PlyCount "80"]

1. e4 c5 2. d4 cxd4 3. Qxd4 Nc6 4. Qd1 Nf6 5. Nc3 e6 6. Nf3 Qc7 7. Bd3 Be7 8. O-O
O-O 9. Re1 d6 10. Nb5 Qb8 11. Ng5 a6 12. Nc3 h6 13. Nh3 b5 14. f4 b4 15. Ne2 e5 16.
f5 d5 17. Ng3 Rd8 18. exd5 Rxd5 19. Nh5 e4 20. Nxf6+ Bxf6 21. Rxe4 Bxf5 22. Rf4 Bxd3
23. cxd3 Qb6+ 24. Kh1 Ne5 25. d4 Ng6 26. Re4 Rxd4 27. Rxd4 Qxd4 28. Qxd4 Bxd4 29.
Rb1 Rc8 30. Bd2 a5 31. Rc1 Re8 32. b3 Re2 33. Rd1 Bc3 34. Bxc3 bxc3 35. Rc1 c2 36.
Ng1 Rd2 37. h3 Ne5 38. Kh2 Nd3 39. Nf3 Nxc1 40. Nxd2 Nxa2  0-1

[Event "36th Reykjavik op"]
[Site "Reykjavik ISL"]
[Date "2023.03.31"]
[Round "4.146"]
[White "Fuchs, Elmar"]
[Black "Surace, Christopher"]
[WhiteElo "1973"]
[BlackElo "1413"]
[Result "1-0"]
[EventDate "2023.03.29"]
[PlyCount "40"]

1. d4 Nf6 2. Nc3 e6 3. Bf4 d5 4. e3 Bd6 5. Bd3 O-O 6. Qf3 Bxf4 7. Qxf4 c6 8. g4 Nbd7
9. Nf3 Re8 10. O-O-O Nf8 11. h4 a5 12. h5 b5 13. Ne5 b4 14. Na4 Ba6 15. Bxa6 Rxa6
16. g5 Ne4 17. Qxf7+ Kh8 18. Ng6+ Nxg6 19. hxg6 Nxg5 20. Rxh7+ Nxh7  1-0

[Event "36th Reykjavik op"]
[Site "Reykjavik ISL"]
[Date "2023.03.31"]
[Round "4.147"]
[White "Knudsen, Martin"]
[Black "Lokeswara, Rao"]
[WhiteElo "1969"]
[BlackElo "1218"]
[Result "1-0"]
[EventDate "2023.03.29"]
[PlyCount "49"]

1. c4 e5 2. Nc3 Nf6 3. g3 c6 4. Bg2 d5 5. cxd5 cxd5 6. Qb3 e4 7. d3 exd3 8. Nxd5
dxe2 9. Nxf6+ gxf6 10. Nxe2 Nc6 11. O-O Bg7 12. Nf4 O-O 13. Be3 Qa5 14. a3 a6 15.
Rac1 Ne5 16. Rfd1 Bg4 17. Rd5 b5 18. Bc5 Rfd8 19. h3 Bf5 20. Be7 Rxd5 21. Qxd5 Re8
22. Bb4 Qd8 23. Rd1 Qxd5 24. Nxd5 Nc4 25. Ne7+  1-0

[Event "36th Reykjavik op"]
[Site "Reykjavik ISL"]
[Date "2023.03.31"]
[Round "4.153"]
[White "Loncke, Matthieu"]
[Black "Zamvar, Vipin"]
[WhiteElo "2108"]
[BlackElo "1569"]
[Result "1-0"]
[EventDate "2023.03.29"]
[PlyCount "131"]

1. d4 Nf6 2. c4 e6 3. Nc3 d5 4. cxd5 exd5 5. Bg5 Be7 6. e3 Bf5 7. Qb3 Bc8 8. Bxf6
Bxf6 9. Qxd5 O-O 10. Nf3 Nd7 11. Be2 c6 12. Qb3 Nb6 13. O-O Be6 14. Qc2 Qc7 15. Ne4
Be7 16. Nfg5 Bxg5 17. Nxg5 g6 18. Nxe6 fxe6 19. a4 e5 20. a5 Nd7 21. d5 Rac8 22.
Rfc1 Rf6 23. Bf3 c5 24. Qb3 Kg7 25. d6 Rxd6 26. Qxb7 Qxb7 27. Bxb7 Rc7 28. Bf3 Nf6
29. Rc4 e4 30. Rd1 Rcd7 31. Rxd6 Rxd6 32. Be2 Rd2 33. Bf1 Rxb2 34. Rxc5 Rb7 35. a6
Rd7 36. h3 Kf7 37. g4 h6 38. Bc4+ Ke7 39. Re5+ Kf8 40. Re6 Kg7 41. Rc6 Ne8 42. Kg2
g5 43. Re6 Nf6 44. Re5 Kf8 45. Rb5 Ke7 46. Bb3 Kd6 47. Ba4 Rc7 48. Rb8 Kc5 49. Rh8
Nh7 50. Bc2 Kd5 51. Rd8+ Ke6 52. Bxe4 Ke7 53. Ra8 Nf6 54. Bb7 Nd7 55. Rh8 Nc5 56.
Rh7+ Kd8 57. Rxh6 Nxb7 58. axb7 Rxb7 59. Rg6 Rb5 60. Ra6 Rb7 61. Ra5 Kc7 62. Rxg5
Kc6 63. Ra5 Kb6 64. Ra1 a5 65. g5 Rc7 66. h4  1-0

[Event "36th Reykjavik op"]
[Site "Reykjavik ISL"]
[Date "2023.03.31"]
[Round "4.154"]
[White "Yedid, Lior"]
[Black "Daemering, Katrin"]
[WhiteElo "1586"]
[BlackElo "1991"]
[Result "0-1"]
[EventDate "2023.03.29"]
[PlyCount "72"]

1. e4 c5 2. Ne2 Nc6 3. g3 g6 4. Bg2 Bg7 5. O-O d6 6. c3 e5 7. a3 Be6 8. d3 Nge7 9.
Be3 O-O 10. h3 Qd7 11. Kh2 f5 12. f4 Rad8 13. Nd2 b6 14. Nf3 h6 15. Qd2 Kh7 16. Nh4
d5 17. exf5 Nxf5 18. Nxf5 Bxf5 19. g4 Be6 20. fxe5 Nxe5 21. Nf4 Qd6 22. Kg1 d4 23.
cxd4 cxd4 24. Bf2 Nxg4 25. Bg3 Ne3 26. Rfc1 Bd7 27. Ne2 Be5 28. Bxe5 Qxe5 29. Qe1
Rde8 30. Qg3 Nxg2 31. Rc7 Rf7 32. Qxe5 Rxe5 33. Nxd4 Nf4 34. Nc6 Nxh3+ 35. Kg2 Rc5
36. d4 Bxc6+  0-1

[Event "36th Reykjavik op"]
[Site "Reykjavik ISL"]
[Date "2023.03.31"]
[Round "4.155"]
[White "Alfaro Guillen, Jose Raul"]
[Black "von Kistowski, Fynn"]
[WhiteElo "1983"]
[BlackElo "1548"]
[Result "1-0"]
[EventDate "2023.03.29"]
[PlyCount "85"]

1. e4 c6 2. d3 d5 3. Nd2 e6 4. Ngf3 Ne7 5. g3 g6 6. Bg2 Bg7 7. O-O O-O 8. e5 c5 9.
Re1 Nec6 10. c3 f6 11. exf6 Bxf6 12. Nf1 Bg7 13. Bg5 Qd6 14. Qd2 Ne7 15. Bf4 Qb6
16. Be5 Nbc6 17. Bxg7 Kxg7 18. h4 Qc7 19. N1h2 Bd7 20. d4 Rf5 21. Bh3 Rf6 22. dxc5
Raf8 23. Bg2 e5 24. Rf1 e4 25. Nd4 Ne5 26. b4 Nd3 27. f4 exf3 28. Qxd3 Qxg3 29. Rxf3
Rxf3 30. Ndxf3 Bh3 31. Qe2 Nf5 32. Qe5+ Qxe5 33. Nxe5 Bxg2 34. Kxg2 Ne3+ 35. Kg1
Rf4 36. Nhf3 Nf5 37. Rd1 Nxh4 38. Nxh4 Rxh4 39. Rxd5 Re4 40. b5 Kf6 41. c6 bxc6 42.
bxc6 Rxe5 43. Rxe5  1-0

[Event "36th Reykjavik op"]
[Site "Reykjavik ISL"]
[Date "2023.03.31"]
[Round "4.156"]
[White "Moeller, Jared William"]
[Black "Endeberg, Ivar"]
[WhiteElo "1974"]
[BlackElo "1302"]
[Result "1-0"]
[EventDate "2023.03.29"]
[PlyCount "43"]

1. d4 d5 2. c4 dxc4 3. Nf3 Nf6 4. e3 b5 5. a4 b4 6. Bxc4 e6 7. O-O Be7 8. Nbd2 O-O
9. e4 Bb7 10. Re1 c5 11. e5 Nd5 12. dxc5 Bxc5 13. Ne4 Be7 14. Bg5 Bxg5 15. Nfxg5
Nb6 16. Qh5 Bxe4 17. Rxe4 h6 18. Nxf7 Qe7 19. Nxh6+ gxh6 20. Rg4+ Kh8 21. Qxh6+ Qh7
22. Qxf8+  1-0

[Event "36th Reykjavik op"]
[Site "Reykjavik ISL"]
[Date "2023.03.31"]
[Round "4.157"]
[White "Saliba, Karl"]
[Black "Rice, Chris"]
[WhiteElo "1570"]
[BlackElo "1952"]
[Result "1-0"]
[EventDate "2023.03.29"]
[PlyCount "141"]

1. e4 c6 2. d4 d5 3. e5 c5 4. Nf3 Nc6 5. dxc5 e6 6. Be3 Nge7 7. Bd3 Qc7 8. c3 Nxe5
9. Nxe5 Qxe5 10. Bb5+ Nc6 11. O-O Be7 12. Nd2 O-O 13. Nf3 Qh5 14. Re1 Rd8 15. Be2
Qf5 16. Bd3 Qh5 17. Be2 Qg6 18. Bd3 f5 19. Bb5 Bf6 20. Bxc6 bxc6 21. Bd4 a5 22. Be5
a4 23. Nd4 Bd7 24. Qf3 Ra5 25. Bc7 Rxc5 26. Bxd8 Bxd8 27. Qg3 Qxg3 28. hxg3 Kf7 29.
Rac1 Bf6 30. f4 h6 31. Kf2 g5 32. Kf3 Bg7 33. Kf2 Rc4 34. Kf1 c5 35. Nf3 gxf4 36.
Nd2 fxg3 37. Nxc4 dxc4 38. Rcd1 Ke7 39. Rd5 a3 40. Rxf5 axb2 41. Rf3 Be5 42. Rb1
Bc6 43. Re3 Bf4 44. Re2 Bc1 45. Rbxb2 Bxb2 46. Rxb2 Kd6 47. Rb8 Kc7 48. Rh8 Be4 49.
Rxh6 Bd3+ 50. Kg1 Bb1 51. Rxe6 Bxa2 52. Re3 Kb6 53. Rxg3 Kb5 54. Re3 Ka4 55. g4 Bb1
56. Kf2 Kb3 57. Ke1 Kc2 58. g5 Kc1 59. Re2 Bd3 60. Rg2 Bg6 61. Ra2 Bd3 62. Rh2 Bf5
63. Ra2 Bd3 64. Ra5 Kc2 65. Rxc5 Kxc3 66. Kd1 Kd4 67. Ra5 c3 68. Kc1 Bg6 69. Ra6
Bh5 70. g6 Ke5 71. Ra5+  1-0

[Event "36th Reykjavik op"]
[Site "Reykjavik ISL"]
[Date "2023.03.31"]
[Round "4.158"]
[White "Westerlind, Sture"]
[Black "Gregersen, Einar"]
[WhiteElo "1568"]
[BlackElo "1894"]
[Result "0-1"]
[EventDate "2023.03.29"]
[PlyCount "80"]

1. d4 Nf6 2. Bf4 g6 3. Nf3 Bg7 4. c3 O-O 5. h3 d6 6. e3 Nc6 7. Be2 Nd7 8. Bg3 e5
9. d5 Ne7 10. e4 Bh6 11. Nfd2 f5 12. f3 Nf6 13. O-O f4 14. Bf2 Bg7 15. Kh2 g5 16.
Rh1 Ng6 17. Nf1 h5 18. Kg1 g4 19. hxg4 hxg4 20. g3 Kf7 21. Nbd2 gxf3 22. Bxf3 Rh8
23. Bh5 Nxh5 24. Rxh5 Bd7 25. Rxh8 Qxh8 26. Qf3 Qh3 27. Qg2 Qxg2+ 28. Kxg2 Bh6 29.
Nf3 Rg8 30. Kh1 fxg3 31. Bxg3 Bf4 32. Bxf4 Nxf4 33. Rd1 Bh3 34. Ne3 Rg3 35. Nxe5+
dxe5 36. Nc4 Bg2+ 37. Kh2 Rh3+ 38. Kg1 Rh1+ 39. Kf2 Rxd1 40. Nxe5+ Ke7  0-1

[Event "36th Reykjavik op"]
[Site "Reykjavik ISL"]
[Date "2023.03.31"]
[Round "4.159"]
[White "Arnalds, Stefan"]
[Black "Vidarsson, Kari Steinn"]
[WhiteElo "1873"]
[BlackElo "1267"]
[Result "1-0"]
[EventDate "2023.03.29"]
[PlyCount "117"]

1. d4 Nf6 2. c4 e6 3. Nc3 d5 4. cxd5 exd5 5. Bg5 Be7 6. e3 c6 7. Bd3 O-O 8. Qc2 h6
9. Bh4 Re8 10. Nge2 Nbd7 11. O-O Nf8 12. Rab1 a5 13. a3 Be6 14. Na4 Rc8 15. Bg3 Bg4
16. f3 Bh5 17. Nf4 Bd6 18. Rbe1 Bxf4 19. Bxf4 Ne6 20. Bg3 Nd7 21. Qd2 Qg5 22. f4
Qf6 23. Qxa5 Nxd4 24. Qc3 Ne6 25. Qd2 Nec5 26. Nxc5 Nxc5 27. b4 Ne4 28. Bxe4 Rxe4
29. b5 Qe7 30. bxc6 bxc6 31. Qc3 Rc4 32. Qb3 Qe4 33. Bf2 Rc2 34. Rc1 Bg6 35. Rxc2
Qxc2 36. Qxc2 Bxc2 37. Rc1 Bd3 38. Be1 c5 39. Bb4 c4 40. Kf2 f6 41. Ke1 Kf7 42. Kd2
Ke6 43. Ra1 Ra8 44. a4 Bg6 45. a5 Kd7 46. a6 Kc6 47. Kc3 Kb5 48. Ra5+ Kb6 49. Rxd5
Bf7 50. Rd7 Be8 51. Rd6+ Kb5 52. Rd5+ Kb6 53. Ra5 Bf7 54. Ra1 Rxa6 55. Rxa6+ Kxa6
56. Bf8 g6 57. Bxh6 Kb5 58. e4 Kc6 59. Kd4  1-0

[Event "36th Reykjavik op"]
[Site "Reykjavik ISL"]
[Date "2023.03.31"]
[Round "4.160"]
[White "Fouassier, Paul"]
[Black "Olafsson, Olafur"]
[WhiteElo "1848"]
[BlackElo "1130"]
[Result "1-0"]
[EventDate "2023.03.29"]
[PlyCount "71"]

1. Nf3 c5 2. c4 Nc6 3. Nc3 Nf6 4. g3 e6 5. Bg2 d5 6. cxd5 exd5 7. d4 Be6 8. O-O cxd4
9. Nxd4 Be7 10. Nxe6 fxe6 11. e3 a6 12. Qe2 O-O 13. Rd1 Bc5 14. a3 Rc8 15. b4 Ba7
16. Bb2 Ne5 $4 (16... Qe8 17. Na2) 17. Nxd5 Nxd5 18. Bxe5 Qg5 19. Bf4 Qf6 $6 (19...
Qf5 20. Bxd5) 20. Bxd5 exd5 21. Qa2 Kh8 22. Qxd5 b5 23. Qe5 h6 24. Qxf6 Rxf6 25.
Rd7 Bb8 26. Bxb8 Rxb8 27. Rc1 g5 28. Rcc7 Rg6 29. f4 gxf4 30. exf4 Rf8 31. Kf2 h5
32. h3 Kg8 33. Kf3 Re8 34. f5 Rf6 35. Kf4 Rb6 $2 (35... Rb8 36. g4 hxg4 37. hxg4
Rh6 38. Kg5 Rhb6 39. f6 Rxf6 40. Kxf6 Rb6+ 41. Kf5 Rb8 42. Kg6) 36. Rg7+ $2 (36.
Kg5 Kf8 37. Rf7+ Kg8 38. Rg7+ Kh8 39. Rh7+ Kg8 40. f6 Re5+ 41. Kg6 Rxf6+ 42. Kxf6
Re6+)  1-0

[Event "36th Reykjavik op"]
[Site "Reykjavik ISL"]
[Date "2023.03.31"]
[Round "4.161"]
[White "Grubauer, Gerhard"]
[Black "Notkin, Akiva"]
[WhiteElo "1564"]
[BlackElo "1846"]
[Result "0-1"]
[EventDate "2023.03.29"]
[PlyCount "150"]

1. d4 Nf6 2. c4 g6 3. Nc3 d5 4. e3 c6 5. Bd3 Bg7 6. Nf3 O-O 7. Qc2 Nbd7 8. O-O dxc4
9. Bxc4 Nb6 10. Bd3 Nbd5 11. a3 Bg4 12. Ne5 Rc8 13. Nxg4 Nxg4 14. h3 Ngf6 15. e4
Nxc3 16. bxc3 e6 17. Rb1 c5 18. dxc5 Nd7 19. c4 Nxc5 20. Rd1 Qh4 21. Be3 Nxd3 22.
Qxd3 Rfd8 23. Qc2 b6 24. a4 Qh5 25. Rxd8+ Rxd8 26. c5 bxc5 27. Qxc5 Qh4 28. Bg5 Qxe4
29. Rb4 Rd1+ 30. Kh2 Qe5+ 31. Qxe5 Bxe5+ 32. g3 Rd4 33. Rb5 Rd5 34. Rxd5 exd5 35.
Kg2 f5 36. Kf3 Kf7 37. Ke3 Ke6 38. Kd3 Kd6 39. Be3 a6 40. f4 Bf6 41. Bf2 h6 42. h4
g5 43. hxg5 hxg5 44. fxg5 Bxg5 45. Bd4 Ke6 46. Bc5 Bf6 47. Be3 Be5 48. Bf2 Kf6 49.
Ke2 Kg5 50. Kf3 Bc3 51. Be3+ Kf6 52. Ke2 Ke5 53. Kd3 Be1 54. Bf4+ Ke6 55. Kd4 Bf2+
56. Kd3 Kd7 57. Ke2 Bc5 58. Bd2 Kc6 59. Kf3 Bd6 60. g4 fxg4+ 61. Kxg4 Kc5 62. Kf3
Kc4 63. Ke2 Kb3 64. a5 Bb4 65. Bg5 Bxa5 66. Kd3 Bc3 67. Bd8 Be5 68. Bb6 Kb4 69. Bd8
a5 70. Be7+ Kb3 71. Kd2 a4 72. Kd3 a3 73. Bxa3 Kxa3 74. Kc2 Kb4 75. Kd3 Kb3  0-1

[Event "36th Reykjavik op"]
[Site "Reykjavik ISL"]
[Date "2023.03.31"]
[Round "4.162"]
[White "Kularatnam, Kaushalya"]
[Black "Dorweiler, Roger Paul"]
[WhiteElo "1563"]
[BlackElo "1843"]
[Result "0-1"]
[EventDate "2023.03.29"]
[PlyCount "114"]

1. e4 Nc6 2. Nf3 d5 3. exd5 Qxd5 4. Nc3 Qa5 5. d4 Bg4 6. Be2 O-O-O 7. Ne5 Bxe2 8.
Qxe2 Nxd4 9. Nc4 Nxe2 10. Nxa5 Nxc3 11. bxc3 Rd5 12. Nb3 e5 13. Be3 b6 14. O-O f5
15. Rad1 Nf6 16. Rfe1 Rxd1 17. Rxd1 Be7 18. f4 exf4 19. Bxf4 c5 20. a4 Ne4 21. Rd5
Rd8 22. Rxd8+ Bxd8 23. Be5 Bf6 24. Bxf6 Nxf6 25. Nc1 Nd5 26. Ne2 Ne3 27. Kf2 Nxc2
28. Nf4 Na3 29. Ne6 Nb1 30. c4 g6 31. Nf8 Kd8 32. Nxh7 Ke7 33. Ke3 Nc3 34. Kd3 Nxa4
35. Kc2 a6 36. Ng5 b5 37. cxb5 axb5 38. Nf3 Kf6 39. h4 Nb6 40. g3 Nc4 41. Ng5 Nd6
42. Nh7+ Kg7 43. Ng5 Ne4 44. Ne6+ Kf6 45. Nc7 b4 46. Nd5+ Kf7 47. Kd3 Nxg3 48. Kc4
Ne4 49. Nf4 Kg7 50. Ne6+ Kf6 51. Nf4 Kg7 52. Ne6+ Kh6 53. Nf8 g5 54. hxg5+ Kxg5 55.
Ne6+ Kg4 56. Kd3 b3 57. Nc7 c4+  0-1

[Event "36th Reykjavik op"]
[Site "Reykjavik ISL"]
[Date "2023.03.31"]
[Round "4.163"]
[White "Jonatansson, Sigurdur Freyr"]
[Black "Haugen, Lars Tormod"]
[WhiteElo "1551"]
[BlackElo "1837"]
[Result "0-1"]
[EventDate "2023.03.29"]
[PlyCount "82"]

1. e4 c5 2. Nf3 g6 3. d4 cxd4 4. Nxd4 Bg7 5. c3 Nc6 6. Nxc6 bxc6 7. Bc4 d6 8. h4
Nf6 9. e5 dxe5 10. Qxd8+ Kxd8 11. f3 Nd5 12. O-O Be6 13. Rd1 Kc7 14. Bb3 Rhd8 15.
Bg5 Bf6 16. Bxf6 exf6 17. Bxd5 cxd5 18. Nd2 g5 19. Kf2 g4 20. Rac1 gxf3 21. gxf3
f5 22. Rg1 Rg8 23. c4 d4 24. b3 a5 25. Rg5 h6 26. Rxg8 Rxg8 27. c5 Kc6 28. Re1 f6
29. Rc1 Bd5 30. Nc4 Bxc4 31. Rxc4 Rd8 32. Ke2 Rd5 33. Rc1 e4 34. Rg1 Kxc5 35. fxe4
fxe4 36. Rg6 d3+ 37. Kd1 Rh5 38. Rxf6 Rxh4 39. Rf2 Kd4 40. Rg2 Rh1+ 41. Kd2 e3#  0-1

[Event "36th Reykjavik op"]
[Site "Reykjavik ISL"]
[Date "2023.03.31"]
[Round "4.165"]
[White "Christoffersen, Odd"]
[Black "Hipler, Andreas"]
[WhiteElo "1510"]
[BlackElo "1780"]
[Result "0-1"]
[EventDate "2023.03.29"]
[PlyCount "58"]

1. e4 c6 2. d4 d5 3. exd5 cxd5 4. Bd3 Nc6 5. c3 Nf6 6. Bf4 Bg4 7. Nf3 Qb6 8. b3 e6
9. h3 Bh5 10. Nbd2 Be7 11. Qc2 Rc8 12. Qb2 Bg6 13. Bxg6 hxg6 14. O-O O-O 15. Rfe1
Rfd8 16. Rad1 Na5 17. Ne5 Nc4 18. Nexc4 dxc4 19. b4 Nd5 20. Be3 Bxb4 21. cxb4 c3
22. Qb3 cxd2 23. Bxd2 Rd7 24. a3 Rdc7 25. Be3 a6 26. Rb1 Rc3 27. Qb2 Rc2 28. Qa1
Qc6 29. Rf1 Nxe3  0-1

[Event "36th Reykjavik op"]
[Site "Reykjavik ISL"]
[Date "2023.03.31"]
[Round "4.167"]
[White "Hallmundarson, Birkir"]
[Black "Cooper, Malcolm H"]
[WhiteElo "1499"]
[BlackElo "1763"]
[Result "0-1"]
[EventDate "2023.03.29"]
[PlyCount "124"]

1. e4 c5 2. Nf3 Nc6 3. c3 Nf6 4. e5 Nd5 5. d4 cxd4 6. cxd4 d6 7. Bc4 Nb6 8. Bb3 d5
9. O-O Bg4 10. Be3 e6 11. h3 Bxf3 12. Qxf3 Rc8 13. Nd2 f6 14. Qg4 f5 15. Qe2 Be7
16. Nf3 O-O 17. Rac1 Qe8 18. Qd2 Qd7 19. a3 Qe8 20. Ba2 Qf7 21. Bg5 h6 22. Bxe7 Qxe7
23. b4 a6 24. Ne1 Qh4 25. Nf3 Qh5 26. Qd3 g5 27. Rfd1 Na4 28. Rc2 g4 29. Nh2 gxh3
30. gxh3 Rc7 31. Kh1 Rg7 32. Qf3 Qg5 33. Rcc1 Rff7 34. Qg3 Qxg3 35. fxg3 Rxg3 36.
Rg1 Rfg7 37. Rxg3 Rxg3 38. Rg1 Rxg1+ 39. Kxg1 Nxd4 40. Kf2 Nc3 41. Ke3 Ndb5 42. Bb3
Nxa3 43. Kd4 Ne4 44. Nf3 Nb5+ 45. Ke3 Ng5 46. Ng1 Kf7 47. h4 Ne4 48. Ne2 d4+ 49.
Nxd4 Nxd4 50. Kxd4 b6 51. Bc4 a5 52. bxa5 bxa5 53. Be2 Ke7 54. Kc4 Kd7 55. Bf3 Kc6
56. Bh5 Kb6 57. Bf7 Nc5 58. Be8 a4 59. Kb4 Nd3+ 60. Kxa4 Kc5 61. Kb3 Kd4 62. Kc2
Nxe5 (62... Nf4 63. Kd2 Kxe5 64. Bf7 Kf6 65. Be8 Ng2 66. h5 Nf4 67. Ke3 e5 68. Kf3
Kg5 69. Bb5 Nxh5 70. Bf1 Nf6 71. Kf2 Kf4 72. Ke2 Kg3 73. Ke1)  0-1

[Event "36th Reykjavik op"]
[Site "Reykjavik ISL"]
[Date "2023.03.31"]
[Round "4.170"]
[White "Lien, Benjamin"]
[Black "Beuger, Ronald"]
[WhiteElo "1495"]
[BlackElo "1754"]
[Result "1/2-1/2"]
[EventDate "2023.03.29"]
[PlyCount "56"]

1. e4 c5 2. Nf3 a6 3. d3 Nc6 4. g3 g6 5. Bg2 Bg7 6. O-O e6 7. Re1 Nge7 8. Nbd2 O-O
9. a4 Qc7 10. c3 Rb8 11. e5 Nd5 12. d4 cxd4 13. cxd4 Ncb4 14. Ne4 Qc2 15. Bd2 b5
16. Rc1 Qxd1 17. Rexd1 Nd3 18. Rc2 bxa4 19. Bc3 N3b4 20. Rcd2 a5 21. Ra1 Bh6 22.
Rdd1 Ba6 23. Rxa4 Bc4 24. Rxa5 Nd3 25. Bf1 Nxb2 26. Bxb2 Bxf1 27. Kxf1 Rxb2 28. Ra7
Rb3  1/2-1/2